Statistics for The Telugu Trivia A-Z

Click here to take the quiz!

General Stats

  • This quiz has been taken 13 times
  • The average score is 12 of 26

Answer Stats

ClueAnswer% Correct
AA freedom fighter and revolutionary who was famous for his armed
campaigns against the British.
Alluri Sitarama Raju
83%
FA cold dessert that is often made by mixing rose syrup, vermicelli,
and sweet basil seeds with milk.
Falooda
75%
NAn actor and politician; he was famous for his role in the film
'Mayabazar' and for establishing the Telugu Desam Party.
Nandamuri Taraka
Ramarao Senior
75%
XThe shirt sizes that sell the least in India.XS / XXL
75%
IA common nickname of the Telugu language; first coined by Venetian
explorer Niccolò de' Conti.
Italian of the East
67%
ZAn entertainment television channel that broadcasts Telugu reality TV
shows and soap operas.
Zee Telugu
67%
CA landmark and monument located in Hyderabad that commemorates
the eradication of bubonic plague.
Charminar
58%
DA former airline that was based at Begumpet Airport in Hyderabad.Deccan Airways
58%
GA major river that flows through the South Indian Peninsula and
dubbed as the 'Dakshina Ganga.'
Godavari
58%
HThis is the word for consonants in the Telugu language.Hallulu
58%
OThis fruit's name has origins in the Telugu language*.Orange
58%
RA renowned director who began his career with 'Student No.1' in
2001.
S.S. Rajamouli
58%
EA city located on the Tammileru river and is known for its wool pile
carpet industry.
Eluru
50%
MThis place was a major trading port for the Dutch, British, French and
Portuguese in the 17th century (1601-1700).
Machilipatnam
50%
KA dynasty that ruled most of the eastern Deccan region between the
12th and the 14th centuries. Rudrama Devi was one of their queens.
Kakatiya dynasty
42%
PA man who is known for his self-sacrifice, in order to achieve the
statehood of Andhra Pradesh.
Potti Sriramulu
42%
VThe man who designed the Indian tricolour flag.Pingali Venkayya
33%
WThe Thousand Pillar Temple, which is dedicated to Lord Shiva, Vishnu
and Surya, is located in this city.
Warangal
33%
LA village in Andhra Pradesh that is famous for its temple that was
built in the Vijayanagara style and its statue of Nandi.
Lepakshi
25%
QThis is the dynasty that ruled the Sultanate of GolcondaQutb Shahi
25%
TA river that flows through Karnataka and the border between Andhra &
Telangana before merging with the Krishna river.
Tungabhadra
25%
YPeople came to this town, if they wanted to conduct a child marriage
after the Child Marriage Restraint Act was passed in 1929.
Yanam
25%
SOne of the two places where the ISRO launches their satellites.Sriharikota
17%
UA geographic region that is located in the north of the state.Uttarandhra
17%
JOne of the Telugu years and occurred previously in 2014.Jaya
8%
BThe first, completely Telugu movie ever created. It was released
to the public in 1932 and it was directed by H. M. Reddy.
Bhakta Prahlada
0%

Score Distribution

Percentile by Number Answered

Percent of People with Each Score

Your Score History

You have not taken this quiz